000
00205nam a22000857a 4500
008
160630b xxu||||| |||| 00| 0 eng d
100
_9
1629
_a
Gupta, P
245
_a
The Ugly Duckling
260
_a
N.D
_b
M/S Arya
999
_c
1351
_d
1351